Statistiques concernant Clubs de football commençant par Z

Cliquez ici pour prendre le quiz!

Statistiques générales

  • Ce quiz a été pris 118 fois
  • Le résultat moyen est 2 sur 10

Statistiques - réponses

Réponse% Correct
Zénith Saint-Pétersbourg
100%
Zulte Waregem
47%
Zwolle
35%
Zorya Louhansk
25%
Zira FK
18%
Žalgiris Vilnius
4%
Zagłębie Lubin
3%
Zalaegerszeg
1%
Zbrojovka Brno
0%
Zhejiang
0%

Distribution des résultats

Percentile par nombre de réponses

% des personnes avec chaque résultat

Votre développement - résultats

Vous n’avez pas pris ce quiz